LDR 00819naa#a2200181#i#450# 001 RU\\bibl\105468 005 20260703035557.5 011 ## _a2227-1171 100 ## _a20260630b2026####ek#y0rusy0150####ca 102 ## _aRU 200 1# _aСОВРЕМЕННЫЕ ИНСТРУМЕНТЫ ПРОТИВОДЕЙСТВИЯ РЕЦИДИВНОЙ ПРЕСТУПНОСТИ В РОССИИ _eЖурнальная статья 210 1# _aКазань _cКазанский юридический институт МВД России _d2026 215 ## _a5 с. 608 ## _aЖурнальная статья _2local 675 ## _aМетоды, средства и формы профилактики. 343.851 _z 700 #1 _aСагайдак _gАльбина Юрьевна 700 #1 _aДикаева _gЭлина Салмановна 856 4# _avestnikkui.ru _u